000 00312nam a22001217a 4500
020 _a0-85334-886-3
082 _a668.494 WEA'F
100 _aWEATHERHEAD, R. G
_974494
245 _aFRP TECHNOLOGY FIBRE REINFORCED RESIN SYSTEMS
260 _aLONDON
_bAPPLIED SCIENCE
_c1980
300 _aXVII, 462P
942 _cBK
999 _c580017
_d580017